00484 a2200121 4500001001000000005001700010008004100027245016700068100003800235700002200273773005000295999001700345ART_4005920260410161842.0260409a 10aDerecho a casarse y obligación de los militares de solicitar autorización para contraer matrimonio. Doctrina de la Corte de Suprema de Justicia de la Nación1 aFuria de Torres, Lilian Alicia G.1 aTorres, Ismael F.0 tRAPg- Año 22, Nº 264 (sep. 2000)wREV5941 c24174d24174